| 000 | 00381nam a22001577a 4500 | ||
|---|---|---|---|
| 003 | SGT | ||
| 020 | _a978-8131237410 | ||
| 082 |
_a617.645 _bP15N |
||
| 100 | _a NAYAK, DILIP | ||
| 245 | _aTEXTBOOK OF PERIODONTOLOGY AND ORAL IMPLANTOLOGY | ||
| 250 | _a2nd | ||
| 260 |
_aDelhi India _bElsevier India _c2015 |
||
| 300 | _a1-590 | ||
| 650 | _aORAL IMPLANTOLOGY | ||
| 942 |
_2ddc _cBK |
||
| 999 |
_c21848 _d21848 |
||